Literary Characters - A's - Statistics

General Stats
  • This quiz has been taken 64 times
  • The average score is 10 of 20
Answer Stats
Hint Answer % Correct
Falls down a rabbit hole into a world of nonsense and talking creatures Alice
98%
Greatest Greek warrior, nearly invincible but fatally vulnerable in one heel Achilles
89%
Street-smart youth discovers a magical lamp and a wish-granting genie Aladdin
83%
Small-town lawyer defends a Black man accused of rape in the Deep South Atticus Finch
83%
Wise, long-bearded headmaster guiding young wizards through dark times Albus Dumbledore
76%
Red-haired orphan transforms a Prince Edward Island farm with imagination Anne Shirley
72%
Ranger and heir to Gondor’s throne who guides the Fellowship and fights to defeat Sauron Aragorn
67%
Wife fakes her own disappearance and frames her husband to punish him for perceived betrayals Amy Dunne
65%
Youngest March sister in Massachusetts, determined to become a respected artist and secure a good marriage Amy March
65%
Russian aristocrat whose love affair leads to scandal and tragedy Anna Karenina
65%
Ordinary Englishman swept into galactic misadventures after Earth’s demolition Arthur Dent
44%
Trojan hero fated to journey to Italy and found a mighty civilization Aeneas
41%
Elven princess who sacrifices immortality for love in Middle-earth Arwen
37%
Teenage criminal mastermind battles fairies with genius schemes and tech Artemis Fowl
30%
Airy spirit enslaved by Prospero, tasked with carrying out magical schemes on a remote island Ariel
28%
Princess chained to a rock as a sacrifice, later rescued by a hero Andromeda
19%
Teen cancer survivor who falls for a girl obsessed with books and metaphorical guns Augustus Waters
19%
Town matriarch struggles to keep mischievous nephew Tom Sawyer in line Aunt Polly
15%
Convict whose secret generosity transforms a young man’s life in England Abel Magwitch
13%
Southern young woman whose passionate summer love affair turns into a lifelong, complicated romance Allie Hamilton
7%
No matching quizzes found
Score Distribution
Percent of People with Each Score
Percentile by Number Answered
Your Score History
You have not taken this quiz